Una epistemología del sur: la reinvención del conocimiento y la emancipación social

Saved in:
書目詳細資料
主要作者: Santos, Boaventura de Sousa (Author)
格式: 圖書
語言:西班牙语
出版: Cuernavaca Siglo XXI 2009
版:1a. ed
主題:
標簽: 添加標簽
沒有標簽, 成為第一個標記此記錄!

MARC

LEADER 00000cam a2200000 a 4500
001 UCG5511
003 CL-VaPUC
008 110310e20090000MX |||||||||||||||||spa|d
020 |a 9786070300561 
082 0 4 |a 306.42  |b SAN  |2 21 
100 0 |a Santos, Boaventura de Sousa  |e author  |9 555223 
245 1 4 |a Una epistemología del sur: la reinvención del conocimiento y la emancipación social 
250 |a 1a. ed 
300 |a 368 p 
942 |c BK 
945 |d 20110310 00:00:00  |a dcastane 
260 |a Cuernavaca  |b Siglo XXI  |c 2009 
650 0 |a Epistemología   |9 264994 
650 0 |a Ciencias sociales   |9 256351 
650 0 |a Sociología del conocimiento  |9 308651 
650 0 |a Cultura  |9 269059 
650 7 |a ESTRUCTURA SOCIAL  |2 CL-VaPUC  |9 555224 
650 7 |a CONDICION SOCIAL  |2 CL-VaPUC  |9 335103 
583 |a last modification  |c 20120628 11:15:40  |k Rodrigo Vera 
999 |c 343988  |d 343986 
952 |0 0  |1 0  |4 0  |6 306_420000000000000_SAN_2009  |7 0  |8 A  |9 441745  |a FDOPOS  |b FDOPOS  |d 2019-11-22  |i 4753623  |o 306.42 SAN 2009  |p 4753623  |r 2025-01-22  |w 2019-11-22  |y BK  |k DLH 
952 |0 0  |1 0  |4 0  |6 306_420000000000000_SAN_2009  |7 0  |8 A  |9 441746  |a BIBGIM  |b BIBGIM  |d 2019-11-22  |i 4880463  |l 1  |o 306.42 SAN 2009  |p 4880463  |r 2025-01-15  |s 2022-03-15  |w 2019-11-22  |y BK  |k SSL